000
00325nam a2200121 a 4500
001
4144
005
20140414131948.0
008
090317s19uu xx 00 eng d
050
_a
TR 372.4
_b
H18 1999
100
_a
Hammond, Anne
245
_a
Guided reading :
_b
teacher rsource book for solo reading series 2.
999
_c
112716
_d
112716